| 000 | 00785nas a2200289 4500 | ||
|---|---|---|---|
| 001 | BR9206893 | ||
| 003 | BR-BrBNA | ||
| 005 | 20231205100433.0 | ||
| 007 | ta | ||
| 008 | 230509b bl.|||p| |||| 00| 00por d | ||
| 040 |
_aBR-BrBNA _bpor _cBiblioteca Nacional de Agricultura |
||
| 041 | _a(Pt) | ||
| 072 | _aQ54; L02 | ||
| 100 | 1 | _aNovaes, V. | |
| 245 | 1 | _aEsterco de porco vira comida de boi | |
| 650 | _aSUÍNO | ||
| 650 | _aBoi | ||
| 650 | _aEsterco | ||
| 650 | _aADUBO ORGÂNICO | ||
| 650 | _aComposicao de Alimento | ||
| 650 | _aNutricao Animal | ||
| 650 | _aDieta | ||
| 650 | _aSistema de Producao | ||
| 773 | 0 |
_tManchete Rural (Brazil) _xISSN 0102-8901 _g(Sep 1991), v. 4(54) p. 4-6 _wBR9206893 |
|
| 909 |
_a202311 _bLúcia _c55 _dLúcia Elande |
||
| 942 |
_2AGRIS _n0 _cANA |
||
| 999 |
_c156019 _d156019 |
||